01015cam a22002774a 450000100090000000300040000900500170001300800410003001000170007102000180008802000150010604000180012105000210013908200190016010000190017924500630019825000120026126000570027330000480033050000200037865000250039865000250042385601060044885600910055485600920064515726083OSt20220919105304.0090506s2011 nyuab d 001 0 eng  a 2009928004 a9781435453975 a1435453972 aDLCcDLCdDLC00aSK355b.D43 2011 a333.954bDEA/W1 aDeal, Kevin H.10aWildlife and natural resource management /cKevin H. Deal. a3rd ed. aClifton Park, NY :bDelmar Cengage Learning,cc2011. axv, 432 p. :bcol. ill., col. map ;c25 cm. aIncludes index. 0aWildlife management. 1aWildlife management.423Contributor biographical informationuhttp://www.loc.gov/catdir/enhancements/fy1105/2009928004-b.html423Publisher descriptionuhttp://www.loc.gov/catdir/enhancements/fy1105/2009928004-d.html413Table of contents onlyuhttp://www.loc.gov/catdir/enhancements/fy1105/2009928004-t.html